000 01099nam a2200277 i 4500
001 110844
003 ES-MaACL
005 20260127062539.0
007 t|
008 070131s1921 sp ||||1| spa d
080 _a325.45
080 _a351.881
100 1 _aRives y Martí, Francisco de P.
_997722
245 1 0 _aDerecho judicial español en la zona de nuestro protectorado en Marruecos
_b: conferencias /
_cpor Francisco de P. Rives Martí.
260 _aMadrid :
_bReus,
_c1921.
300 _a177 p. ;
_c18 cm.
490 1 _aPublicaciones de la Real Academia de Jurisprudencia y Legislación ;
_v26
500 _aSesiones de los días 28 de febrero, 30 de marzo, 30 de abril y 31 de mayo de 1920.
650 4 _aAdministración de justicia-
_zMarruecos.
_9171719
650 4 _aDerecho colonial-
_zMarruecos.
_9159153
700 _aReal Academia de Jurisprudencia y Legislación de España
_9217612
830 1 _aPublicaciones de la Real Academia de Jurisprudencia y Legislación ;
_v26
_9180630
852 _aES-MaACL
_jL-5195
852 _aES-MaACL
_jB-6774
999 _c110844
_d110844